Statistics for Largest cities in Turkmenistan

Click here to take the quiz!

General Stats

  • This quiz has been taken 25 times
  • The average score is 3 of 7

Answer Stats

Answer % Correct
Ashgabat
100%
Turkmenabat
50%
Mary
25%
Balkanabat
25%
Turkmenbasy
25%
Dazoguz
13%
Bayramaly
13%

Score Distribution

Percentile by Number Answered

Percent of People with Each Score

Your Score History

You have not taken this quiz